| 000 | 00742nac a22002411u 4500 | ||
|---|---|---|---|
| 010 | _a 73018969 | ||
| 020 | _a0126636508 | ||
| 082 | 0 | 0 |
_a547.28 _bSTA |
| 090 |
_c7321 _d7321 |
||
| 100 | _aStarks, Charles M. | ||
| 245 | 1 | 0 |
_aFree radical telomerization _c[by] Charles M. Starks. |
| 260 |
_aNew York, _bAcademic Press,1974 _c1974. |
||
| 300 |
_ax, 267 p. _billus. _c24 cm. |
||
| 500 | _adistributer: Al-Ahram | ||
| 504 | _aIncludes bibliographical references. | ||
| 511 | _acatalogued by: wessam | ||
| 650 | 0 | _aTelomerization. | |
| 650 | 0 | _aFree radicals (Chemistry) | |
| 942 |
_cBB _k547.28STA _hRDA-MOD |
||
| 999 |
_c7321 _d7321 |
||
| 336 |
_2rdacontent _atext _btxt |
||
| 337 |
_aunmediated _2rdamedia _bn |
||
| 338 |
_avolume _bnc _2rdacarrier |
||